| 000 -LEADER |
| fixed length control field |
00535nam a22001937a 4500 |
| 003 - CONTROL NUMBER IDENTIFIER |
| control field |
OSt |
| 005 - DATE AND TIME OF LATEST TRANSACTION |
| control field |
20210422055621.0 |
| 008 - FIXED-LENGTH DATA ELEMENTS--GENERAL INFORMATION |
| fixed length control field |
201222s1941 ||||| |||| 00| 0 eng d |
| 040 ## - CATALOGING SOURCE |
| Original cataloging agency |
eng |
| Language of cataloging |
eng |
| Transcribing agency |
DLC |
| 041 ## - LANGUAGE CODE |
| Language code of text/sound track or separate title |
eng |
| 080 ## - UNIVERSAL DECIMAL CLASSIFICATION NUMBER |
| Universal Decimal Classification number |
92 |
| Item number |
C-59 |
| 100 ## - MAIN ENTRY--PERSONAL NAME |
| 9 (RLIN) |
610 |
| Personal name |
Clapesattle, Helen |
| 245 ## - TITLE STATEMENT |
| Title |
The Doctors Mayo |
| Statement of responsibility, etc. |
/ by: The University of Minnesota Press |
| 260 ## - PUBLICATION, DISTRIBUTION, ETC. |
| Place of publication, distribution, etc. |
Minneapolis |
| Name of publisher, distributor, etc. |
The University of Minnesota Press |
| Date of publication, distribution, etc. |
1941 |
| 300 ## - PHYSICAL DESCRIPTION |
| Extent |
822 p. |
| Other physical details |
ill. |
| 650 #0 - SUBJECT ADDED ENTRY--TOPICAL TERM |
| 9 (RLIN) |
237 |
| Topical term or geographic name entry element |
Biography |
| 653 ## - INDEX TERM--UNCONTROLLED |
| Uncontrolled term |
ბიოგრაფია |
| 942 ## - ADDED ENTRY ELEMENTS (KOHA) |
| Source of classification or shelving scheme |
|
| Koha item type |
Books |